000 00581nam a22002177a 4500
003 UA-OsUOA
001 38440
007 ta
008 20060510b un ||||| |||| 00| 0 ukr d
100 _aКузишин Тетяна
090 _a81
_bК11
942 _cSA
040 _aUA-OsUOA
_bukr
_cUA-OsUOA
_dUA-OsUOA
245 _aМовні змагання і книга
300 _a7 с.
955 _a0
041 _aukr
080 _a81
773 0 _w38439
650 7 _a8 Мовознавство. Художня література. Літературознавство
_2UDC
999 _c324590
_d324590